00691cam a22002411 4500001001300000003000400013005001700017008004100034010001700075035002000092040001800112050001900130100004700149245002800196260001100224300003700235500003300272504004100305650003700346650002500383700002400408999001700432sa 68018407 DLC20260227112711.0890706s1968 ii a b 000 0 telo  asa 68018407  a(OCoLC)19971327 aDLCcWaUdDLC00aBL1146.K66bS50 aKr̥ṣṇamācārya,dactive 1226-1323.10aSiṃhagiri vacanamulu. c[1968] a6, xxviii, 62 p.billus.c22 cm. aIn Telugu; pref. in English. aIncludes bibliographical references. 0aHinduismvPrayers and devotions. 0aVishnu (Hindu deity)1 aKulasekhararavu, M. c88390d88390